Nazr-E-Ghalib (Record no. 8403)

MARC details
000 -LEADER
fixed length control field 00604nam a2200229 a 4500
020 ## - INTERNATIONAL STANDARD BOOK NUMBER
ISBN
082 00 - DEWEY DECIMAL CLASSIFICATION NUMBER
Classification number 891.4394
Author Cutter GHA
245 ## - TITLE STATEMENT
Title Nazr-E-Ghalib
260 ## - PUBLICATION, DISTRIBUTION, ETC. (IMPRINT)
Place of publication Raichur
Name of publisher Ghalib Sad Sala Taqriat Committee
Year of publication 1969
300 ## - PHYSICAL DESCRIPTION
Number of Pages 88p
500 ## - GENERAL NOTE
General note includes index and biblioraphy
505 2# - FORMATTED CONTENTS NOTE
Formatted contents note Foot notes by Maulana Maulvi Ilahi Bakhsh.
650 ## - SUBJECT ADDED ENTRY--TOPICAL TERM
Topical Term Urdu-Poetry-ghalib
942 ## - ADDED ENTRY ELEMENTS (KOHA)
Koha item type Books
Holdings
Collection code Home library Current library Date acquired Cost, normal purchase price Full call number Accession Number Koha item type
  Henry Martyn Institute Library Henry Martyn Institute Library 06/01/2007 100.00 891.4394 GHA 011833 Books
                   Copyright © 2026 | Henry Martyn Institute | Hyderabad | TS-500052 | INDIA | Implemented by hmi.edu.in
Hit-Count:

Powered by Koha